Statistics for Biggest Cities in Denmark on a Map

Click here to take the quiz!

General Stats

  • This quiz has been taken 398 times
  • The average score is 6 of 10

Answers on the Map

Answers color-coded by a green-red scale on the quiz's map according to % correct below.
 

Answer Stats

PopulationCity% Correct
1,330,993Copenhagen
100%
280,534Aarhus
92%
117,351Aalborg
86%
180,302Odense
84%
72,037Esbjerg
63%
51,262Roskilde
50%
62,482Randers
47%
57,655Vejle
39%
61,121Kolding
38%
59,449Horsens
37%

Score Distribution

Percentile by Number Answered

Percent of People with Each Score

Your Score History

You have not taken this quiz